Personnages joués par Christian Clavier par images (Click Quiz) - Statistiques

Statistiques générales
  • Ce quiz a été pris 47 fois
  • Le résultat moyen est 10 sur 25
Statistiques - réponses
Hint Réponse % Correct
Les Bronzés font du ski
94%
Les Visiteurs
94%
Astérix & Obélix, Mission Cléopâtre
89%
Le père Noël est une ordure
86%
Qu'est-ce qu'on a fait au Bon Dieu ?
69%
Les Profs
66%
Papy fait de la résistance
57%
Kaamelott - Premier Volet
49%
Jamais sans mon psy
43%
Rendez-vous chez les Malawa
40%
Babysitting 2
37%
Les Anges gardiens
37%
Le Grimoire d'Arkandias
34%
L'auberge rouge
29%
La Soif de l'or
29%
Les Aventures de Spirou et Fantasio
26%
L'Enquête corse
23%
Lovely Rita, sainte patronne des cas désespérés
20%
Les Vengeances de Maître Poutifard
17%
L'Opération Corned Beef
17%
Mystère à Saint-Tropez : une enquête de l'inspecteur Boulin
17%
Les Secrets professionnels du Dr Apfelglück
9%
Mes meilleurs copains
3%
Je vais craquer
3%
L'Entente cordiale
0%
Aucun quiz correspondant
Distribution des résultats
% des personnes avec chaque résultat
Percentile par nombre de réponses
Votre historique - résultats
Vous n’avez pas pris ce quiz